000
00291nam a22001217a 4500
082
_a
621.38889 HER'T
100
_a
HERRICK, CLYDE N
_9
78108
245
_a
TELEVISION TROUBLSHOOTING
260
_a
VIRGINIA
_b
RESTON
_c
1975
300
_a
230P
650
_a
TELEVISION REPAIR
_9
78109
942
_c
BK
999
_c
583259
_d
583259